000
00270nam a22001217a 4500
008
170204b xxu||||| |||| 00| 0 ALB d
041
_a
alb
080
_a
61
100
_a
3
101
_a
shm
245
_a
HIGJIENA DHE EDUKATA SHENDETSORE
_c
SAVICEVIC, M
942
_2
udc
_c
BK
999
_c
4555
_d
4555